| 000 | 01143nam a22002657a 4500 | ||
|---|---|---|---|
| 003 | OSt | ||
| 005 | 20240712142744.0 | ||
| 008 | 240410q2011 sp er 001 fbspa d | ||
| 020 | _a9788497643696 | ||
| 037 | _bDonación | ||
| 040 |
_aCO-JMCR _bspa _cCO-JMCR _dCO-JMCR _erda |
||
| 041 | 0 | _aspa | |
| 082 | 0 | 4 |
_aA-N _bPERm |
| 100 | 1 |
_aPérez Galdós, Benito, _d1843-1920 _eautor _943565 |
|
| 245 | 1 | 0 |
_aMarianela / _cBenito Pérez Galdós. |
| 260 |
_aMadrid : _bEdimat libros , _c©2011 |
||
| 300 |
_a214 páginas ; _c19 cm. |
||
| 490 |
_aClásicos de la literatura ; _x9788497647113 |
||
| 500 | _aIncluye índice. | ||
| 520 | 3 | _a[Marianela nos cuenta la trágica vida de la joven Nela, huérfana de quince años, pobre, fea y deforme, enamorada de Pablo, de familia adinerada, hermoso joven de diecinueve años, dotado de todas las perfecciones posibles, pero ciego. Convencido de que todo lo bueno debe ser hermoso, Pablo declara su amor a Marianela.] | |
| 650 | 1 | 4 |
_2JMCR _aNovela española _ySIglo XIX _943567 |
| 650 | 2 | 4 |
_2JMCR _aLiteratura española _ySiglo XIX _943568 |
| 650 | 3 | 4 |
_2JMCR _aAmor en la literatura _9634 |
| 942 |
_2ddc _cBK |
||
| 999 |
_c30734 _d17118 |
||